Name the sisters In the loud house - Statistics

General Stats
  • This quiz has been taken 84 times
  • The average score is 8 of 10
Answer Stats
Hint Answer % Correct
College Lori
98%
12th Leni
94%
3th Lola
94%
8th Luan
92%
K Lily
90%
9th Luna
88%
1st Lisa
82%
5th Lucy
82%
7th Lynn
80%
3th Lona
6%
No matching quizzes found
Score Distribution
Percent of People with Each Score
Percentile by Number Answered
Your Score History
You have not taken this quiz